Kadra reprezentacji Szkocji na Euro 2024 - Statystyki

Ogólne statystyki
  • Ten quiz został rozwiązany 97 razy
  • Średni wynik to 7 z 26
Statystyki odpowiedzi
Zawodnik Pozycja Klub % Poprawnych
Andy Robertson Obrońca Liverpool
92%
Scott McTominay Pomocnik Manchester United
80%
John McGinn Pomocnik Aston Villa
69%
Kieran Tierney Obrońca Real Sociedad
60%
Ché Adams Napastnik Southampton
51%
Angus Gunn Bramkarz Norwich City
42%
Billy Gilmour Pomocnik Brighton
38%
Callum McGregor Pomocnik Celtic
38%
Stuart Armstrong Pomocnik Southampton
28%
Grant Hanley Obrońca Norwich City
26%
Ryan Christie Pomocnik Bournemouth
24%
Scott McKenna Obrońca FC Kopenhaga
21%
Jack Hendry Obrońca Al-Ettifaq
20%
Lawrence Shankland Napastnik Heart of Midlothian
19%
Greg Taylor Obrońca Celtic
15%
Zander Clark Bramkarz Heart of Midlothian
15%
Anthony Ralston Obrońca Celtic
14%
James Forrest Napastnik Celtic
12%
Liam Cooper Obrońca Leeds United
12%
Ryan Jack Pomocnik Rangers
12%
Ryan Porteous Obrońca Watford
12%
Kenny McLean Pomocnik Norwich City
9%
Lewis Morgan Napastnik New York Red Bulls
8%
Liam Kelly Bramkarz Motherwell
8%
Ross McCrorie Obrońca Bristol City
6%
Tommy Conway Napastnik Bristol City
6%
Nie znaleziono quizów pasujących do podanych kryteriów
Rozkład punktacji
Procent ludzi z każdym wynikiem
Percentyl według liczby udzielonych odpowiedzi
Twoja historia wyników
Nie rozwiązałeś tego quizu